| 000 -LEADER |
| fixed length control field |
01622nam a2200265Ia 4500 |
| 001 - CONTROL NUMBER |
| control field |
18124 |
| 003 - CONTROL NUMBER IDENTIFIER |
| control field |
GE_BSU |
| 008 - FIXED-LENGTH DATA ELEMENTS--GENERAL INFORMATION |
| fixed length control field |
181216s||||||||xx |||||||||||||| ||und|| |
| 020 ## - INTERNATIONAL STANDARD BOOK NUMBER |
| International Standard Book Number |
97899414083297 |
| 040 ## - CATALOGING SOURCE |
| Transcribing agency |
GE_BSU |
| 080 ## - UNIVERSAL DECIMAL CLASSIFICATION NUMBER |
| Universal Decimal Classification number |
336+340 |
| 100 ## - MAIN ENTRY--PERSONAL NAME |
| Personal name |
ჯიბუტი, ნინო |
| 245 ## - TITLE STATEMENT |
| Title |
სარეიტინგო კომპანიის სამართალი: ჩამოყალიბებისა და განვითარების პრობლემები |
| 245 ## - TITLE STATEMENT |
| Statement of responsibility, etc. |
რედ. ირაკლი, ბურდული |
| 250 ## - EDITION STATEMENT |
| Edition statement |
საკორპორაციო, საბანკო და ეკონომიკური სამართლის ინსტიტუტი. ივანე ჯავახიშვილის სახელობის თბილისის სახელმწიფო უნივერსიტეტი, იურიდიული ფაკულტეტი. |
| 260 ## - PUBLICATION, DISTRIBUTION, ETC. |
| Place of publication, distribution, etc. |
თბილისი |
| 260 ## - PUBLICATION, DISTRIBUTION, ETC. |
| Name of publisher, distributor, etc. |
ივერიონი |
| 260 ## - PUBLICATION, DISTRIBUTION, ETC. |
| Date of publication, distribution, etc. |
2015 |
| 300 ## - PHYSICAL DESCRIPTION |
| Extent |
272 გვ.21სმ. |
| 653 ## - INDEX TERM--UNCONTROLLED |
| Uncontrolled term |
სარეიტინგო ბაზრის ფუნქციონირების პრობლემები |
| 653 ## - INDEX TERM--UNCONTROLLED |
| Uncontrolled term |
სარეიტინგო კომპანია და მისი სამართალი |
| 653 ## - INDEX TERM--UNCONTROLLED |
| Uncontrolled term |
სარეიტინგო კომპანიის სამართალი |
| 653 ## - INDEX TERM--UNCONTROLLED |
| Uncontrolled term |
ჩამოყალიბებისა და განვითარების პრობლემები |
| 942 ## - ADDED ENTRY ELEMENTS (KOHA) |
| Koha item type |
წიგნი |